Tottenham Hotspur Squad 2016-2017 - Statistics

General Stats
  • This quiz has been taken 32 times
  • The average score is 19 of 26
Answer Stats
# Position Nation Player % Correct
10 FW England Harry Kane
100%
7 FW South Korea Heung-min Son
100%
1 GK France Hugo Lloris
100%
23 MF Denmark Christian Eriksen
97%
5 DF Belgium Jan Vertonghen
97%
11 FW Argentina Erik Lamela
90%
2 DF England Kyle Walker
90%
19 MF Belgium Mousa Dembélé
90%
33 DF Wales Ben Davies
86%
- Coach Argentina Mauricio Pochettino
86%
4 DF Belgium Toby Alderweireld
86%
12 MF Kenya Victor Wanyama
86%
20 MF England Dele Alli
83%
15 MF England Eric Dier
83%
17 MF France Moussa Sissoko
83%
3 DF England Danny Rose
79%
29 MF England Harry Winks
79%
13 GK Netherlands Michel Vorm
72%
16 DF England Kieran Trippier
66%
9 FW Netherlands Vincent Janssen
62%
27 DF Austria Kevin Wimmer
48%
14 FW Cameroon Georges-Kévin N'Koudou
38%
38 DF United States Cameron Carter-Vickers
34%
30 GK Spain Pau López
24%
28 MF England Tom Carroll
17%
25 MF England Josh Onomah
14%
No matching quizzes found
Score Distribution
Percent of People with Each Score
Percentile by Number Answered
Your Score History
You have not taken this quiz